Introduction to integral equations with applications / (Record no. 30380)

000 -LEADER
fixed length control field 02223 a2200193 4500
020 ## - INTERNATIONAL STANDARD BOOK NUMBER
International Standard Book Number 0824772938
020 ## - INTERNATIONAL STANDARD BOOK NUMBER
International Standard Book Number 9780824772932
082 ## - DEWEY DECIMAL CLASSIFICATION NUMBER
Classification number 515.45
090 ## - LOCALLY ASSIGNED LC-TYPE CALL NUMBER (OCLC); LOCAL CALL NUMBER (RLIN)
-- 1773
-- 1773
100 1# - MAIN ENTRY--PERSONAL NAME
Personal name Jerri, Abdul J.
245 10 - TITLE STATEMENT
Title Introduction to integral equations with applications /
Statement of responsibility, etc. Abdul J. Jerri.
260 ## - PUBLICATION, DISTRIBUTION, ETC.
Place of publication, distribution, etc. [S.l.] :
Name of publisher, distributor, etc. Marcel Dekker Inc,
Date of publication, distribution, etc. 1985.
300 ## - PHYSICAL DESCRIPTION
Extent 254 p. ;
Dimensions 24 cm.
490 1# - SERIES STATEMENT
Series statement Pure and applied mathematics.
520 ## - SUMMARY, ETC.
Summary, etc. From the reviews of the First Edition: "Extremely clear, self-contained text . . . offers to a wide class of readers the theoretical foundations and the modern numerical methods of the theory of linear integral equations."-Revue Roumaine de Mathematiques Pures et Appliqu�es. Abdul Jerri has revised his highly applied book to make it even more useful for scientists and engineers, as well as mathematicians. Covering the fundamental ideas and techniques at a level accessible to anyone with a solid undergraduate background in calculus and differential equations, Dr. Jerri clearly demonstrates how to use integral equations to solve real-world engineering and physics problems. This edition provides precise guidelines to the basic methods of solutions, details more varied numerical methods, and substantially boosts the total of practical examples and exercises. Plus, it features added emphasis on the basic theorems for the existence and uniqueness of solutions of integral equations and points out the interrelation between differentiation and integration. Other features include: * A new section on integral equations in higher dimensions. * An improved presentation of the Laplace and Fourier transforms. * A new detailed section for Fredholm integral equations of the first kind. * A new chapter covering the basic higher quadrature numerical integration rules. * A concise introduction to linear and nonlinear integral equations. * Clear examples of singular integral equations and their solutions. * A student's solutions manual available directly from the author.
830 #0 - SERIES ADDED ENTRY--UNIFORM TITLE
Uniform title Pure and applied mathematics.
942 ## - ADDED ENTRY ELEMENTS (KOHA)
Institution code [OBSOLETE] SNS
Koha item type Book
Call number prefix 515.45 JER
Holdings
Withdrawn status Lost status Damaged status Not for loan Permanent Location Current Location Date acquired Total Checkouts Full call number Barcode Date last seen Date last checked out Price effective from Koha item type
        School of Natural Sciences (SNS) School of Natural Sciences (SNS) 05/26/2016 3 515.45 JER SNS0002078 07/13/2023 06/01/2023 05/26/2016 Book
© 2023 Central Library, National University of Sciences and Technology. All Rights Reserved.